| 000 | 01283cam a22003254a 4500 | ||
|---|---|---|---|
| 003 | UPN | ||
| 005 | 20240912063735.0 | ||
| 008 | 090213s1998 es r 000 0 spa d | ||
| 020 | _a8433905589 | ||
| 035 | _aUPN01000169266 | ||
| 040 |
_aUPN _bspa _cUPN |
||
| 049 | _aCG | ||
| 050 | 4 |
_aBS535 _bH57 |
|
| 245 | 0 | 3 |
_aLa historia más bella de Dios : _b¿quién es el Dios de la Biblia? / _cJean Bottéro, Marc-Alain Ouaknin, Joseph Moingt entrevistados por Heléne Monsacré y Jean-Louis Schelegel ; traducción de Óscar Luis Molina S. |
| 260 |
_aBarcelona, España : _bAnagrama, _c1998. |
||
| 300 | _a168 páginas | ||
| 490 | 0 | _aArgumentos | |
| 534 |
_pTítulo original: _tLa plus belle histoire de Dieu : qui est le Dieu de la Bible? |
||
| 650 | 0 |
_aCristianismo _911436 |
|
| 650 | 4 |
_aJudaísmo _912073 |
|
| 700 | 1 |
_aBottéro, Jean, _d1914-2007 _eentrevistado _931661 |
|
| 700 | 1 |
_aOuaknin, Marc-Alain, _d1957- _eentrevistado _931660 |
|
| 700 | 1 |
_aMoingt, Joseph, _d1915-2020 _eentrevistado _946409 |
|
| 700 | 1 |
_aMonsacré, Hélène _eentrevistadora _946410 |
|
| 700 | 1 |
_aSchlegel, Jean-Louis, _d1946- _eentrevistador _946411 |
|
| 700 | 1 |
_aMolina Sierralta, Óscar Luis, _d1939- _etraductor _946412 |
|
| 902 | _bCarolina Alvarado/190922/M | ||
| 905 | _aLibro | ||
| 942 |
_2lcc _cLIBRO |
||
| 999 |
_c141372 _d141372 |
||